Browning's proverb lore /

Bibliographic Details
Main Author: Smith, Cornelia Marschall, 1895-
Format: Book
Language:English
Published: Waco, Tex. : Baylor University, 1989.
Subjects:

MARC

Tag First Indicator Second Indicator Subfields
LEADER 00000cam a2200000 a 4500
001 in00000758421
005 20151017053602.0
008 890202s1989 txu 00110 eng d
035 |a (OCoLC)19097491 
035 |9 ADL5273AM 
040 |a TJC  |c TJC  |d TXA  |d UtOrBLW 
049 |a TXAM  |c [A11873023] 
050 4 |a PR4245  |b .S658 1989 
100 1 |a Smith, Cornelia Marschall,  |d 1895- 
245 1 0 |a Browning's proverb lore /  |c Cornelia Marschall Smith. 
264 1 |a Waco, Tex. :  |b Baylor University,  |c 1989. 
300 |a vi, 124 pages ;  |c 24 cm. 
336 |a text  |b txt  |2 rdacontent 
337 |a unmediated  |b n  |2 rdamedia 
338 |a volume  |b nc  |2 rdacarrier 
504 |a Bibliography: pages 111-112. 
500 |a "Distribution Index to the Proverbs": pages 113-124. 
600 1 0 |a Browning, Robert,  |d 1812-1889  |x Concordances. 
600 1 0 |a Browning, Robert,  |d 1812-1889  |x Dictionaries, indexes, etc. 
600 1 0 |a Browning, Robert,  |d 1812-1889  |x Language. 
650 0 |a Proverbs  |x Indexes. 
650 0 |a Proverbs in literature  |x Indexes. 
999 |a MARS 
999 f f |s 29393ad3-0cc4-3fc6-8496-d6be742aefbc  |i 2ef63395-4068-399c-8bff-b87604b35342  |t 0 
952 f f |p normal  |a Texas A&M University  |b College Station  |c Sterling C. Evans Library  |d Evans: Library Stacks  |t 0  |e PR4245 .S658 1989  |h Library of Congress classification  |i unmediated -- volume  |m A14811873023 
998 f f |a PR4245 .S658 1989  |t 0  |l Evans: Library Stacks